El principe /

Guardado en:
Autor Principal: Maquiavelo, Nicolas
Formato: Libro
Publicado: Buenos Aires : Espasa-calpe, 1941
Edición:2a. ed.
Series:Austral
Materias:
Etiquetas: Agregar Etiqueta
Sin Etiquetas, Sea el primero en etiquetar este registro!
LEADER 00570nam a22002055a 4500
001 EHU.bham024262
003 AR-BHAM
005 20130507141445.0
008 130507s1941##################000#0#####d
082 3 2 |a 320.1 
100 1 |a Maquiavelo, Nicolas 
245 1 0 |a El principe /  |c Nicolas Maquiavelo 
250 |a 2a. ed. 
260 |a Buenos Aires :  |b Espasa-calpe,  |c 1941 
300 |a 169 p. 
490 0 |a Austral 
653 |a Donacion lejarraga 
653 |a Maquiavelo, nicolas 
653 |a Ciencias sociales 
859 |a AR-BHAM  |b BIB. HUMANIDADES - General  |h 320.1  |i M119A2  |p 8.02  |t Ej.1